00705nam a2200169 i 4500001000700000003000900007005001700016007000300033008004100036245007900077260010900156300003500265710006200300852003200362999001900394952012200413110232ES-MaACL20230906185016.0t|061121s1972 sp r ||||1| spa d00aOrdenación rural de Guadix b: bEsquema tecnico y ciclo de conferencias. aGranada : bOrganización Sindical, Gabinete Técnico Consejo Económico Sindical Provincial, c1972. a182 p. 1 map. pleg. ; c24 cm.2 aConsejo Económico Sindical Provincial (Granada)9164557 aES-MaACLjC-43309 bR.80584 c110232d110232 00104070aATENEOMbATENEOMcDEPO2d2008-01-17eSCl0oC-43309p1115004r2023-02-23 00:00:00w2023-02-23yMONOGRAFIA